000 00668nam a2200193Ia 4500
008 151121s9999||||xx |||||||||||||| ||und||
082 _a811/कुलक
082 _bHNW-72679
100 _aकुलकर्णी वसंत नारायण
245 _aस्मृति-सौरभ
260 _b"म। सा। मंडळ, गुलबर्गा"
260 _c--
300 _a121
600 _aकुलकर्णी वसंत नारायण
630 _aस्मृति-सौरभ
700 _aकुलकर्णी वसंत नारायण
730 _aस्मृति-सौरभ
942 _cBOOK
999 _c1254137
_d1254134